LEADER 02188nam 2200661Ia 450 001 9910464294003321 005 20200520144314.0 010 $a1-283-07008-1 010 $a9786613070081 010 $a0-252-09071-3 035 $a(CKB)3390000000006612 035 $a(OCoLC)743404421$z(OCoLC)776588936$z(OCoLC)816834916$z(OCoLC)923494590$z(OCoLC)961606680$z(OCoLC)962597686 035 $a(OCoLC)ocn743404421 035 $a(CaPaEBR)ebrary10593665 035 $a(SSID)ssj0000543037 035 $a(PQKBManifestationID)11357191 035 $a(PQKBTitleCode)TC0000543037 035 $a(PQKBWorkID)10518115 035 $a(PQKB)10009009 035 $a(MiAaPQ)EBC3413993 035 $a(MdBmJHUP)muse23732 035 $a(Au-PeEL)EBL3413993 035 $a(CaPaEBR)ebr10593665 035 $a(CaONFJC)MIL307008 035 $a(OCoLC)923494590 035 $a(EXLCZ)993390000000006612 100 $a20090602d2009 ub 0 101 0 $aeng 135 $aurcn||||||||| 181 $ctxt 182 $cc 183 $acr 200 10$aBarrelhouse words$b[electronic resource] $ea blues dialect dictionary /$fStephen Calt 210 $aUrbana $cUniversity of Illinois Press$dc2009 215 $a1 online resource (321 p.) 300 $aBibliographic Level Mode of Issuance: Monograph 311 $a0-252-03347-7 311 $a0-252-07660-5 320 $aIncludes bibliographical references and index. 517 3 $aBlues dialect dictionary 606 $aBlues (Music)$xTexts$vDictionaries 606 $aBlues (Music)$xHistory and criticism 606 $aEnglish language$xDialects$vDictionaries 608 $aElectronic books. 615 0$aBlues (Music)$xTexts 615 0$aBlues (Music)$xHistory and criticism. 615 0$aEnglish language$xDialects 676 $a781.64303 700 $aCalt$b Stephen$0903645 701 $aGerard$b Manny$0903646 712 02$aManny and Skippy Gerard Collection (Rock and Roll Hall of Fame and Museum. Library and Archives) 801 0$bMiAaPQ 801 1$bMiAaPQ 801 2$bMiAaPQ 906 $aBOOK 912 $a9910464294003321 996 $aBarrelhouse words$92019954 997 $aUNINA LEADER 02239nam 2200421 450 001 9910160727003321 005 20230707013905.0 010 $a3-8452-7423-9 035 $a(CKB)3710000000957445 035 $a(NjHacI)993710000000957445 035 $a(EXLCZ)993710000000957445 100 $a20230707d2016 uy 0 101 0 $ager 135 $aur||||||||||| 181 $ctxt$2rdacontent 182 $cc$2rdamedia 183 $acr$2rdacarrier 200 10$aKulturgutzersto?rung $edie Auslo?schung von Kulturerbe in Krisenla?ndern als Herausforderung fu?r die Vereinten Nationen /$fSabine von Schorlemer 205 $aErste Auflage. 210 1$aBaden-Baden :$cNomos Verlagsgesellschaft mbH & Co. KG,$d2016. 215 $a1 online resource (1025 pages) 225 0 $aThe United Nations and Global Change, ;$v11 311 $a3-8487-2787-0 330 $aIdeologisch motivierte Zerstorungen des Kulturerbes, insbesondere durch nicht-staatliche Gewaltakteure, stellen Errungenschaften des internationalen Kulturguterrechts infrage. Angesichts der Zunahme von identitatszerstorenden kulturellen Sauberungen, Staatszerfall und fundamentalistischer Gewalt analysiert die Abhandlung die rechtlichen und politischen Herausforderungen der UNO. Es wird fur eine neue Sichtweise des Kulturguterschutzes als Querschnittsmaterie von humanitarem Volkerrecht, Menschenrechten, Volkerstrafrecht und Staatenverantwortung pladiert. Im Zuge der neuen UNESCO-Strategie zu Kultur in bewaffneten Konflikten werden kulturelle Schutzinterventionen als Element der Friedenssicherung sowie Maanahmen gegen den Handel mit Blutkunst aus Kriegsgebieten untersucht. Dem Mandat des UNESCO-Chair in International Relations entsprechend wird der Respekt fur kulturelle Vielfalt und kulturelle Werte als sicherheitsrelevant erachtet. 606 $aHumanitarian law 606 $aProsecution 606 $aCultural property 615 0$aHumanitarian law. 615 0$aProsecution. 615 0$aCultural property. 676 $a363.69 700 $aSchorlemer$b Sabine von$0232292 801 0$bNjHacI 801 1$bNjHacl 906 $aBOOK 912 $a9910160727003321 996 $aKulturgutzersto?rung$93397434 997 $aUNINA